[Event "GBR-ch 100th"]
[Site "Torquay"]
[Date "2013.08.03"]
[Round "6"]
[White "Moss, Guy"]
[Black "Burnett, Jim"]
[Result "1-0"]
[WhiteElo "2018"]
[BlackElo "2117"]
[PlyCount "71"]
[EventDate "2013.07.29"]
[EventType "swiss"]
[EventRounds "11"]
[EventCountry "ENG"]
[SourceTitle "CBM 155 Extra"]
[Source "ChessBase"]
[SourceDate "2013.08.26"]
[SourceVersion "1"]
[SourceVersionDate "2013.08.26"]
[SourceQuality "1"]

1. e4 d5 2. exd5 Qxd5 3. Nf3 Bg4 4. Be2 Nf6 5. d4 e6 6. 0-0 c6 7. c4 Qa5 8. Bf4 Be7 9. Qb3 Qb6 10. Qxb6 axb6 11. Nc3 Nbd7 12. a3 0-0 13. Rad1 Ra5 14. h3 Bh5 15. Rd2 Rc8 16. g4 Bg6 17. Nh4 Nf8 18. Nxg6 Nxg6 19. Bg3 h5 20. f4 hxg4 21. hxg4 Bd6 22. g5 Ne8 23. d5 cxd5 24. cxd5 Bxa3 25. dxe6 fxe6 26. Bg4 Nf8 27. bxa3 Rxc3 28. Be1 Rc8 29. Rd3 Raa8 30. Bb4 Nc7 31. f5 exf5 32. Bxf5 Rd8 33. Rh3 Nce6 34. Bxf8 Nxf8 35. Bc2 Ne6 36. Bh7+ 1-0